000 00383nam a22001451a 4500
082 _aM3
_bSAT/P
100 _aSathrughnan
_9131153
245 _aParunthu paranna dooram/
_cby Sathrughnan.
260 _aValapad:
_bAugust Books,
_c1998.
300 _a199p.
650 _aNovel Malayalam
_9131154
650 _aLiterature Malayalam
_9131155
650 _aLiterature
_9131156
942 _cBK
999 _c33685
_d33685